000 00658nam a2200229Ia 4500
003 OSt
005 20220117144453.0
008 210716s2005 xx 000 0 und d
020 _a8178817101
040 _cAIMIT LIBRARY
041 _aeng
082 _a332.12
_21
_bRAOK
100 _aRao, Katuri Nageswara.
_913235
245 _aBanking:
_bthe new challenges / by
_cKaturi Nageswara Rao.
250 _a1st. ed. -
260 _aHyderabad:
_bICFAI University Press,
_c2005.
300 _axiv,153p. ;23cm
650 _aBanking
_913236
650 _aMoney Laundering
_913237
700 _aRao, Katuri Nageswara.
_913235
942 _2ddc
_cBK
_e1
_k332.1 RAOK
999 _c202288
_d202288